Вып. 91; Автоматизированные системы управления и приборы автоматики

Bibliographische Detailangaben
Parent link:Автоматизированные системы управления и приборы автоматики: республиканский межведомственный научно-технический сборник/ Харьковский институт радиоэлектроники им. М. К. Янгеля. Вып. 91.— , 1974-1992
Weitere Verfasser: Путятин Е. П. Евгений Петрович (редактор)
Sprache:Russisch
Veröffentlicht: 1989
Schlagworte:
Format: Buch
KOHA link:https://koha.lib.tpu.ru/cgi-bin/koha/opac-detail.pl?biblionumber=222040

MARC

LEADER 00000nam2a2200000 4500
001 222040
005 20231031195843.0
020 |a RU  |b 90-38799ж 
035 |a (RuTPU)RU\TPU\book\242222 
035 |a RU\TPU\book\242220 
090 |a 222040 
100 |a 20120917d1989 k y0rusy5003 ca 
101 0 |a rus 
102 |a UA 
105 |a y z 001zy 
200 0 |a Вып. 91 
210 |d 1989 
215 |d 22 см  |a 132 с.  |c ил. 
320 |a Библиогр. в конце ст. 
461 1 |0 (RuTPU)RU\TPU\book\32005  |t Автоматизированные системы управления и приборы автоматики  |o республиканский межведомственный научно-технический сборник  |f Харьковский институт радиоэлектроники им. М. К. Янгеля  |v Вып. 91  |d 1974-1992 
610 1 |a автоматизированные системы планирования 
610 1 |a автоматические устройства 
610 1 |a автоматизированные системы управления 
610 1 |a автоматика 
610 1 |a приборы 
675 |a 658.5.011.56  |z rus  |v 3 
702 1 |a Путятин  |b Е. П.  |g Евгений Петрович  |4 340 
801 0 |a RU  |b 63413507  |c 19950417  |g psbo 
801 1 |a RU  |b 63413507  |c 20120120 
801 2 |a RU  |b 63413507  |c 20160321  |g RCR 
942 |c BK